| 000 | 00950nam a2200253 i 4500 | ||
|---|---|---|---|
| 001 | bg | ||
| 100 | 1 | _aCHODUR, Janusz | |
| 245 | 1 | 0 |
_aMetoda obliczania przepustowości skrzyżowań bez sygnalizacji świetlnej ; instrukcja obliczania / _cGeneralna Dyrekcja Dróg Krajowych i Autostrad ; [zespół aut. Janusz Chodur et al.]. |
| 260 |
_aKraków : _bWydawnictwo PiT, _c2004. |
||
| 300 |
_a185 s. : _bil. ; _c24 cm. |
||
| 504 | _aBibliogr. | ||
| 650 | 9 |
_aKomunikacja drogowa _xorganizacja |
|
| 655 | _aInstrukcje | ||
| 700 | 1 | _aCHODUR, Janusz | |
| 710 | 0 | _aGeneralna Dyrekcja Dróg Krajowych i Autostrad | |
| 020 | _a838621998X | ||
| 040 | _cBPK | ||
| 041 | 0 | _apol | |
| 080 | _a656.1(083.1) | ||
| 920 | _a83-86219-98-X | ||
| 942 | _cKA | ||
| 008 | s pl f |000 0 pol | ||
| 999 |
_c35119 _d35119 |
||
| 856 |
_uhttp://koha.tu.koszalin.pl/cgi-bin/koha/opac-detail.pl?biblionumber=35119 _yKatalog online BPK |
||